Handbuch der Vorgeschichte Bd. 1 Altsteinzeit

Gespeichert in:
Bibliographische Detailangaben
VerfasserIn: Müller-Karpe, Hermann (VerfasserIn)
Dokumenttyp: Buch
Sprache:German
Veröffentlicht: München : Beck , 1966
Schlagwörter:
Bibliogr. Hinweis:Rezension: Hermann Müller-Karpe: Handbuch der Vorgeschichte, Band 1, Altsteinzeit
Rezensiert in: [Rezension von: Hermann Müller-Karpe, Handbuch der Vorgeschichte, Band 1, Altsteinzeit]
Verantwortlich:von Hermann Müller-Karpe
LEADER 02758cam a2200493 cc4500
001 1071830457
003 DE-627
005 20240424195831.0
007 tu
008 850101s1966 gw ||||| 00| ||ger c
035 |a (DE-627)1071830457 
035 |a (DE-576)001830457 
035 |a (DE-599)BSZ001830457 
035 |a (OCoLC)163534865 
035 |a (OCoLC)310586132 
035 |a (OCoLC)163534865 
040 |a DE-627  |b ger  |c DE-627  |e rakwb 
041 |a ger 
044 |c XA-DE-BY 
084 |a 1  |2 ssgn 
084 |a NF 1100  |2 rvk  |0 (DE-625)rvk/125191: 
084 |a NF 1200  |q DE-24/19sred  |2 rvk  |0 (DE-625)rvk/125211:1186 
084 |a 15.19  |2 bkl 
084 |a 15.19  |2 bkl 
100 1 |a Müller-Karpe, Hermann  |d 1925-2013  |0 (DE-588)119271540  |0 (DE-627)080076351  |0 (DE-576)162309392  |4 aut 
245 1 0 |a Handbuch der Vorgeschichte  |n Bd. 1  |p Altsteinzeit  |c von Hermann Müller-Karpe 
264 1 |a München  |b Beck  |c 1966 
300 |a XI, 389, 274 S.  |b zahlr. Ill., Kt. 
336 |a Text  |b txt  |2 rdacontent 
337 |a ohne Hilfsmittel zu benutzen  |b n  |2 rdamedia 
338 |a Band  |b nc  |2 rdacarrier 
583 1 |a Archivierung/Langzeitarchivierung gewährleistet  |f SSG  |x XA-DE-BW  |2 pdager  |5 DE-21 
773 1 8 |w (DE-627)1071830449  |w (DE-576)001830449  |g Bd. 1  |q 1  |7 nnam 
787 0 8 |i Rezension  |a Müller-Beck, Hansjürgen, 1927 - 2018  |t Hermann Müller-Karpe: Handbuch der Vorgeschichte, Band 1, Altsteinzeit  |d München : Beck, 1969  |h 192 - 200  |w (DE-627)1447523083  |w (DE-576)377523089 
787 0 8 |i Rezensiert in  |a Bosinski, Gerhard, 1937 -   |t [Rezension von: Hermann Müller-Karpe, Handbuch der Vorgeschichte, Band 1, Altsteinzeit]  |d Kevelaer, Rhld. : Verlag Butzon & Berker, 1968  |w (DE-627)1767096151 
889 |w (DE-576)484359649 
935 |a SAXB  |a mteo 
936 r v |a NF 1100  |b Allgemeine Nachschlagewerke der Ur- und Frühgeschichte  |k Geschichte  |k Ur- und Frühgeschichte / Prähistorische Archäologie  |k Allgemeines  |k Allgemeine Nachschlagewerke der Ur- und Frühgeschichte  |0 (DE-627)1271449668  |0 (DE-625)rvk/125191:  |0 (DE-576)201449668 
936 r v |a NF 1200  |b Allgemeines  |k Geschichte  |k Ur- und Frühgeschichte / Prähistorische Archäologie  |k Allgemeine und europäische Ur- und Frühgeschichte nach Epochen  |k Zeitlich übergreifende Darstellungen  |k Gesamtzeitraum  |k Allgemeines  |0 (DE-627)1270710354  |0 (DE-625)rvk/125211:1186  |0 (DE-576)200710354 
936 b k |a 15.19  |j Vor- und Frühgeschichte  |q coli-conc RVK->BK  |q https://coli-conc.gbv.de/api/mappings/75cc445c-571d-40a5-a765-030d7671b9ad  |0 (DE-627)10640329X 
936 b k |a 15.19  |j Vor- und Frühgeschichte  |q coli-conc RVK->BK  |q https://coli-conc.gbv.de/api/mappings/86628ea8-ce7c-4261-a534-79c6ddd79ae8  |0 (DE-627)10640329X 
951 |a MV 
991 |a Rezensiertes Werk 
999 |a KXP-PPN1071830457  |e 4977310098